000 00308nam a22001337a 4500
008 170929b xxu||||| |||| 00| 0 eng d
020 _a9780077348885
041 _aeng
080 _28TH
_a37
100 _a47
101 _aEDU
245 _aCOLLEGE WRITING SKILLS WITH READINGS
_cLANGAN,J
942 _2udc
_cBK
999 _c30655
_d30655